000 00350 a2200157 4500
001 48263
020 _a8508080956
040 _cAnchieta - Bela Vista
100 _aAzevedo, Ricardo
240 1 0 _aUm homem no sótão
_lpor
245 1 0 _aUm homem no sótão
300 _a57
362 0 _a2001
650 4 _aLiteratura infanto-juvenil
942 _cBK
999 _c48263
_d48263